000 00697nas a2200241 4500
001 BR9602753
003 BR-BrBNA
005 20231205094737.0
007 ta
008 230509b bl.|||p| |||| 00| 00por d
040 _aBR-BrBNA
_bpor
_cBiblioteca Nacional de Agricultura
041 _a(Pt)
072 _aF60; L73
100 1 _aPupo, N.I.H.
245 1 _aOxalato: um fantasma da equinocultura
650 _aEquino
650 _aOsteodistrofia
650 _aGraminea Forrageira
650 _aComposicao Quimica
773 0 _tRevista dos Criadores (Brazil)
_xISSN 0034-9259
_g(Mar 1994), v. 64(770) p. 31-39
_wBR9602753
909 _a202311
_bLúcia
_c55
_dLúcia Elande
942 _2AGRIS
_n0
_cANA
999 _c146535
_d146535